000 00834nam a22001817a 4500
999 _c58012
_d58012
003 Ge_BSU
005 20240610172738.0
008 210422s1988 ge ||||| |||| 00| 0 geo d
041 _ageo
080 _a616-083(075.8) ბ-89
100 _aბოჭორიშვილი, გ.
_911552
245 _aავადმყოფის მოვლა :
_bპრაქტიკული ჩვევები : [დამხმ. სახელმძღვ. სამედ. ინ-ტის სტუდენტებისათვის] /
_c გიორგი ბოჭორიშვილი.
264 _aთბილისი :
_bგანათლება,
_c1988.
300 _a348 გვ.:
_c20სმ.
653 _aავადმყოფის მოვლა
653 _aმედიცინა
942 _2udc
_cBK